All foreign players Espanyol - Statistics

General Stats
  • This quiz has been taken 13 times
  • The average score is 74 of 225
Answer Stats
Hint Answer % Correct
Armando Sá
67%
Mauricio Pochettino
67%
Omar El Hilali
67%
Pablo Zabaleta
67%
Román Martínez
67%
Alfredo Di Stéfano
56%
Benjamin Lecomte
56%
Ben Sahar
56%
Carlos Kameni
56%
Clemente Rodríguez
56%
Coutinho
56%
Cristhian Stuani
56%
Cristian Álvarez
56%
Diego Reyes
56%
Eduardo Costa
56%
Facundo Ferreyra
56%
Felipe Mattioni
56%
Héctor Moreno
56%
Hernán Pérez
56%
Juan Forlín
56%
Leandro Cabrera
56%
Leo Baptistão
56%
Martin Braithwaite
56%
Miguel Benítez
56%
Naldo
56%
Óscar Duarte
56%
Pablo Piatti
56%
Roberto Martínez
56%
Romaric
56%
Vladimír Weiss
56%
Walter Pandiani
56%
Alain Boghossian
44%
Branislav Kubala
44%
Carlos Casartelli
44%
Carlos Sánchez
44%
Cayetano Ré
44%
César Montes
44%
Claudiu Răducanu
44%
Constantin Gâlcă
44%
Cyril Domoraud
44%
Daniel Osvaldo
44%
Didier Domi
44%
Diego Colotto
44%
Enzo Roco
44%
Ewerthon
44%
Facundo Roncaglia
44%
Felipe Caicedo
44%
Francisco Palencia
44%
Fredson
44%
Gabriel Torje
44%
Giedrius Arlauskis
44%
Goran Milošević
44%
Grégory Béranger
44%
Isaías Sánchez
44%
I'van Alonso
44%
Iván Pillud
44%
Jesús Dátolo
44%
Jhon Córdoba
44%
Jônatas
44%
Jonathan Calleri
44%
Juan Albín
44%
Keidi Bare
44%
Keita Baldé
44%
László Kubala
44%
Lei Wu
44%
Luca Koleosho
44%
Mamadou Sylla
44%
Martin Petrov
44%
Martín Posse
44%
Matías Vargas
44%
Maximiliano Rodríguez
44%
Michaël Ciani
44%
Milan Smiljanić
44%
Moreno Torricelli
44%
Pablo Cavallero
44%
Pierre Womé
44%
Pizzi
44%
Ramon
44%
Roberto Rosales
44%
Ronael Pierre-Gabriel
44%
Rui Fonte
44%
Samuel Eto'o
44%
Savo Milošević
44%
Sébastien Corchia
44%
Shunsuke Nakamura
44%
Sidnei
44%
Simão
44%
Thomas N'Kono
44%
Tonny Vilhena
44%
Adrián Bastía
33%
Akinori Nishizawa
33%
Aldo Duscher
33%
Alfa Semedo
33%
Alonso
33%
Antonio Pacheco
33%
Azrack Mahamat
33%
Bacari
33%
Balász Molnár
33%
Bernardo Espinosa
33%
Branko Brnović
33%
Cătălin Munteanu
33%
César Santis
33%
Darío Silva
33%
Delio Toledo
33%
Dinu Moldovan
33%
Dmitriy Galyamin
33%
Dmitriy Kuznetsov
33%
Eric Bailly
33%
Erwin Lemmens
33%
Ezequiel Castillo
33%
Florin Răducioiu
33%
Goran Bogdanović
33%
Grégory Vignal
33%
Hugo Ibarra
33%
Jordi Amat
33%
Juan Esnáider
33%
Kalu Uche
33%
Kevin Bobson
33%
Kévin Soni
33%
Landry Dimata
33%
Martín Demichelis
33%
Mauro Navas
33%
Mohamed Ezzarfani
33%
Mohammed El-Yaagoubi
33%
Mubarak Wakaso
33%
Mustapha Hadji
33%
Nenad Pralija
33%
Nenê
33%
Nicolás Pareja
33%
Pablo Rotchen
33%
Pape Diop
33%
Paulo Sousa
33%
Paul Quaye
33%
Raúl Longhi
33%
Samuele Longo
33%
Steve Finnan
33%
Tayfun Korkut
33%
Thievy Bifouma
33%
Tugarinov
33%
Valdo
33%
Vinicius Souza
33%
Wolfram Wuttke
33%
Yangel Herrera
33%
Adrian Heath
22%
Adrián Luna
22%
Alfredo Amarillo
22%
Andreas Ogris
22%
Andrey Mokh
22%
Basagaña
22%
Bio
22%
Carlos Alfaro
22%
Carlos Caszely
22%
César Peixoto
22%
Dominique Lemoine
22%
Dušan Mijić
22%
Favio Fernández
22%
Federico Domínguez
22%
Francesco Bardi
22%
Germán Villa
22%
Igor Korneev
22%
Jordi Cruijff
22%
José Cobos
22%
Milcíades Morel
22%
Nabil Touaizi
22%
Nasko Sirakov
22%
Nicolas Ouédec
22%
Pascal Olmeta
22%
Peter Wurz
22%
Roberto Fernández
22%
Secundino Ayfuch
22%
Steve Archibald
22%
Theo Custers
22%
Toni Lima
22%
Vasiliy Rats
22%
Velko Iotov
22%
Zouhair Feddal
22%
Alexander Manninger
11%
Andres Prieto
11%
Antonio Vucetich
11%
Brandãozinho
11%
Carlos Ferrer
11%
Dagoberto Moll
11%
Daniel Pavón
11%
Eduardo Pereira
11%
Ernesto Suárez
11%
Francisco Romero
11%
George Green
11%
Georges Green
11%
Giampaolo Di Magno
11%
Héctor Rial
11%
Hugo Villamide
11%
Ignacio Bergara
11%
Índio
11%
István Szolnok
11%
Jacinto Elá
11%
Jaime Ramírez
11%
Janos Kuszmann
11%
Jean-Phillipe Javary
11%
Jeremias
11%
John Lauridzen
11%
Jorge Grifa
11%
José Quesada
11%
Juan Benavídez
11%
Juan Camer
11%
Juvencio Osorio
11%
Laszlo Kaszas
11%
Luis Ortiz Aquino
11%
Marcel Domingo
11%
Miguel Converti
11%
Miodrag Anđelković
11%
Mohamed Riaji
11%
Olegario Lisboa
11%
Orlando Jiménez
11%
Óscar Coll
11%
Oswaldo García
11%
Pedro Cabral
11%
Pedro Castro
11%
Ramón Carranza
11%
Recaman
11%
Ricardo Muruzábal
11%
Ricardo Saprissa
11%
Roberto Cino
11%
Sanny Åslund
11%
Yanko Daucík
11%
Zoltán Czibor
11%
No matching quizzes found
Score Distribution
Percent of People with Each Score
Percentile by Number Answered
Your Score History
You have not taken this quiz